Welcome to CU Library Online Public Access Catalogue (OPAC)

Jesus through the centuries : (Record no. 6265)

MARC details
000 -LEADER
fixed length control field 00676cam a2200193 a 4500
001 - CONTROL NUMBER
control field 204528
005 - DATE AND TIME OF LATEST TRANSACTION
control field 20250604134423.0
008 - FIXED-LENGTH DATA ELEMENTS--GENERAL INFORMATION
fixed length control field 990607r19991985ctua b 001 0 eng
020 ## - INTERNATIONAL STANDARD BOOK NUMBER
International Standard Book Number 0300079877 (pbk. : alk. paper)
050 00 - LIBRARY OF CONGRESS CALL NUMBER
Classification number BT198
Item number .P44 1999
082 00 - DEWEY DECIMAL CLASSIFICATION NUMBER
Classification number 232.9/04
Edition information 21
100 1# - MAIN ENTRY--PERSONAL NAME
Personal name Pelikan, Jaroslav,
Dates associated with a name 1923-2006.
245 10 - TITLE STATEMENT
Title Jesus through the centuries :
Remainder of title His place in the history of culture /
Statement of responsibility, etc. Jaroslav Pelikan.
260 ## - PUBLICATION, DISTRIBUTION, ETC.
Place of publication, distribution, etc. New Haven, CT :
Name of publisher, distributor, etc. Yale University Press,
Date of publication, distribution, etc. c1999.
300 ## - PHYSICAL DESCRIPTION
Extent xxi, 270 p. :
Other physical details ill. ;
Dimensions 21 cm.
500 ## - GENERAL NOTE
General note Originally published: c1985.
856 42 - ELECTRONIC LOCATION AND ACCESS
Materials specified Book review (H-Net)
Uniform Resource Identifier <a href="http://www.h-net.org/review/hrev-a0b5g9-aa">http://www.h-net.org/review/hrev-a0b5g9-aa</a>
942 ## - ADDED ENTRY ELEMENTS (KOHA)
Source of classification or shelving scheme Library of Congress Classification
Koha item type Books
Suppress in OPAC No
999 ## -
-- 6265
-- 6265

No items available.

© 2023-2024 Copyright: Central University Libraries. All Rights Reserved | Created by: Mahone Tech Office